000
00312nam a2200133Ia 4500
008
190216s9999||||xx |||||||||||||| ||und||
100
_a
Guthikonda V Rao
245
0
_a
Microprocessors And Microcomputer Systems
250
_a
2nd Ed.
260
_b
Null
_c
1984
300
_a
581
650
_a
Computer
942
_c
BK
999
_c
8343
_d
8343